Schooled : (Record no. 2755)

MARC details
000 -LEADER
fixed length control field 01355cam a2200313 a 4500
005 - DATE AND TIME OF LATEST TRANSACTION
control field 20241024111725.0
020 ## - INTERNATIONAL STANDARD BOOK NUMBER
International Standard Book Number 9780531225578
020 ## - INTERNATIONAL STANDARD BOOK NUMBER
International Standard Book Number 0531225577
040 ## - CATALOGING SOURCE
Original cataloging agency DLC
Transcribing agency DLC
Modifying agency DLC
Language of cataloging eng
050 00 - LIBRARY OF CONGRESS CALL NUMBER
Classification number GV697.A1
Item number S756 2012
082 00 - DEWEY DECIMAL CLASSIFICATION NUMBER
Classification number 796.0922
-- B
Edition number 22
100 1# - MAIN ENTRY--PERSONAL NAME
Personal name Stradley, Don
245 10 - TITLE STATEMENT
Title Schooled :
Remainder of title It takes more than magic to make it to the pros /
Statement of responsibility, etc. Don Stradley
260 ## - PUBLICATION, DISTRIBUTION, ETC.
Place of publication, distribution, etc. New York :
Name of publisher, distributor, etc. Scholastic,
Date of publication, distribution, etc. 2012
300 ## - PHYSICAL DESCRIPTION
Extent 112 pages :
Other physical details color illustrations ;
Dimensions 18 cm
490 0# - SERIES STATEMENT
Series statement On the record
505 ## - FORMATTED CONTENTS NOTE
Formatted contents note R
520 ## - SUMMARY, ETC.
Summary, etc. There's no backing down for Lionel Shepard. With a dream of joining the NBA, all he wants to do at Bluford High is play Basketball. But everyone's trying to stop him. Bad grades, bad advice from family members and friends. Will he pursue his dream or get caught in a nightmare?
521 ## - TARGET AUDIENCE NOTE
Target audience note 830
Source Lexile
521 ## - TARGET AUDIENCE NOTE
Target audience note R
Source Raz-Plus
650 #0 - SUBJECT ADDED ENTRY--TOPICAL TERM
Topical term or geographic name entry element Athletes
Geographic subdivision United States
Form subdivision Biography
-- Juvenile literature.
650 #0 - SUBJECT ADDED ENTRY--TOPICAL TERM
Topical term or geographic name entry element Basketball players
Geographic subdivision United States
Form subdivision Biography
-- Juvenile literature.
650 #0 - SUBJECT ADDED ENTRY--TOPICAL TERM
Topical term or geographic name entry element African American basketball players
Form subdivision Biography
-- Juvenile literature.
650 #0 - SUBJECT ADDED ENTRY--TOPICAL TERM
Topical term or geographic name entry element Baseball players
Geographic subdivision United States
Form subdivision Biography.
650 #0 - SUBJECT ADDED ENTRY--TOPICAL TERM
Topical term or geographic name entry element Pitchers (Baseball)
Geographic subdivision United States
Form subdivision Biography
-- Juvenile literature.
906 ## - LOCAL DATA ELEMENT F, LDF (RLIN)
a 7
b cbc
c orignew
d 1
e ecip
f 20
g y-gencatlg
942 ## - ADDED ENTRY ELEMENTS (KOHA)
Source of classification or shelving scheme Dewey Decimal Classification
Koha item type Books
Suppress in OPAC No
999 ## -
-- 2755
-- 2755
Holdings
Withdrawn status Lost status Source of classification or shelving scheme Damaged status Not for loan Collection Home library Current library Shelving location Date acquired Total Checkouts Full call number Barcode Date last seen Price effective from Koha item type
    Dewey Decimal Classification     Non-Fiction Footprints International School Library Network Toul Kork Campus Footprints International School Library Network Toul Kork Campus TTP Secondary Non-Fiction Bookshelves 01/12/2024   STR 796.0922 GV697.A1 FISSE00649 01/12/2024 01/12/2024 Books